000 00728nam a22001937a 4500
005 20251108164251.0
008 250721s1999 xx 000 0 ara d
082 1 4 _a329.953/دان
100 1 _aدانليون، فلاديمير إيفا فيتش
245 1 0 _aالصراع السياسي في تركيا :
_bالأحزاب السياسية و الجيش /
264 1 _aدمشق :
_bدار حوران للطباعة و النشر و التوزيع،
_c1999.
300 _a492ص
650 1 7 _aالأحزاب السياسية
650 1 7 _aالقوات المسلحة
650 1 7 _aالأحوال السياسية
700 1 _aالجهماني، يوسف إبراهيم
_eترجمة
942 _2ddc
_cBK
999 _c7909
_d7909